000 00732nab a2200229 u 4500
001 08509
003 HDC
007 cr bn ---aaaaa
008 210130c mydr|nes 0 a may d
040 _aHDC
245 0 _aTeknologi biji benih
260 _aKuala Lumpur :
_b[publisher not identified],
_c2013
336 _atext
_2rdacontent
337 _acomputer
_2rdamedia
338 _aonline resource
_2rdacarrier
650 _aSeed industry
_98972
650 _aTechnology development
_95779
856 _zRequest full-text at [email protected]
942 _2lcc
942 _cNEWS
942 _kNWSC 001348
999 _c5832
_d5832